[Event "AUTO-ADV-1929"]
[Site "http://www.queenalice.com/game.php?id=885749"]
[Date "2011.1.13"]
[Round "2"]
[White "Deepankar"]
[Black "Barbudo"]
[Result "0-1"]
[WhiteElo "1852"]
[BlackElo "1758"]

1. e4 e5 2. Nf3 Nc6 3. Bb5 Nge7 4. d4 a6 5. Bxc6 Nxc6 6. dxe5 d6 7. exd6 Bxd6 8.
O-O O-O 9. Nc3 b5 10. Be3 h6 11. Qe2 Bb4 12. Rad1 Qe7 13. Nd5 Qxe4 14. Nxc7 Rb8
15. Nd5 Be6 16. Nc3 Bxc3 17. bxc3 Bxa2 18. Ra1 Bc4 19. Nd2 Bxe2 20. Nxe4 Bxf1
21. Kxf1 Rfd8 22. Rxa6 Ne5 23. h3 Nc4 24. Bf4 Rb7 25. Nc5 Re7 26. Nd3 g5 27. Bg3
Rdd7 28. Rb6 Nxb6 0-1

[Event "AUTO-ADV-1929"]
[Site "http://www.queenalice.com/game.php?id=885750"]
[Date "2011.1.13"]
[Round "2"]
[White "Barbudo"]
[Black "Deepankar"]
[Result "0-1"]
[WhiteElo "1770"]
[BlackElo "1885"]

1. e4 e5 2. Nf3 Nc6 3. Bb5 a6 4. Bxc6 dxc6 5. Nxe5 Qd4 6. Nf3 Qxe4+ 7. Qe2 Qxe2+
8. Kxe2 Nf6 9. Re1 Be6 10. Kf1 Be7 11. d4 O-O 12. Nc3 Bd6 13. Ne4 Nxe4 14. Rxe4
Rfe8 15. Re1 Bc4+ 0-1

[Event "AUTO-OPEN-2300"]
[Site "http://www.queenalice.com/game.php?id=913893"]
[Date "2011.3.17"]
[Round "1"]
[White "kinggeorge"]
[Black "Deepankar"]
[Result "0-1"]
[WhiteElo "1397"]
[BlackElo "1821"]

1. e3 e5 2. c3 d5 3. d4 Nc6 4. Qa4 Bd7 5. b4 Nxd4 6. b5 Ne6 7. e4 Nc5 8. Qd1
dxe4 9. Na3 Nf6 10. Nc4 Bxb5 11. Qe2 Nd3+ 12. Kd1 Bxc4 13. Qc2 Nxf2+ 14. Ke1 Bd3
15. Bxd3 Nxd3+ 16. Kd1 Nf2+ 17. Ke1 Nxh1 18. Be3 Ng4 19. Qa4+ Qd7 20. Qxe4 f5
21. Qf3 O-O-O 22. Rb1 Nxe3 23. Qxe3 b6 24. Nf3 Bc5 25. Qe2 Nf2 26. Kf1 Rhe8 27.
Qa6+ Kb8 28. Rb5 Qd3+ 29. Kg1 Nh3+ 30. Kh1 Qf1+ 31. Ng1 Qxg1# 0-1

[Event "AUTO-OPEN-2300"]
[Site "http://www.queenalice.com/game.php?id=913894"]
[Date "2011.3.17"]
[Round "1"]
[White "Deepankar"]
[Black "kinggeorge"]
[Result "1-0"]
[WhiteElo "1834"]
[BlackElo "1341"]

1. e4 e5 2. Nf3 d6 3. d4 Nf6 4. dxe5 Nxe4 5. Qe2 d5 6. Bg5 Nxg5 7. Nc3 Nc6 8.
Nxg5 Qxg5 9. Nxd5 Qd8 10. O-O-O Qg5+ 11. f4 Qf5 12. Nxc7+ Ke7 13. Qd2 Rb8 14.
Qd6# 1-0

[Event "AUTO-OPEN-2300"]
[Site "http://www.queenalice.com/game.php?id=913913"]
[Date "2011.3.17"]
[Round "1"]
[White "Pantaleon"]
[Black "Deepankar"]
[Result "1-0"]
[WhiteElo "1338"]
[BlackElo "1823"]

1. e4 e5 2. Nf3 Nc6 3. d4 d6 4. Bb5 a6 5. Bxc6+ bxc6 6. O-O Nf6 7. Nc3 Bg4 8.
Qd3 Bxf3 9. Qxf3 exd4 10. Ne2 Be7 11. Nxd4 Qd7 12. c4 O-O 13. Bd2 c5 14. Nf5
Rfe8 15. Qg3 Nh5 16. Qg4 Nf6 17. Qxg7# 1-0

[Event "AUTO-OPEN-2300"]
[Site "http://www.queenalice.com/game.php?id=913914"]
[Date "2011.3.17"]
[Round "1"]
[White "Deepankar"]
[Black "Pantaleon"]
[Result "0-1"]
[WhiteElo "1819"]
[BlackElo "1386"]

1. e4 c5 2. Nf3 Nc6 3. d4 cxd4 4. Nxd4 g6 5. Nc3 Bg7 6. Be3 e5 7. Nb3 d6 8. Bb5
a6 9. Bc4 Nf6 10. Qe2 O-O 11. O-O-O Ng4 12. Bg5 Qxg5+ 13. Kb1 b5 14. Bd5 Bb7 15.
h4 Qf4 16. g3 Qxf2 17. Qxg4 Rab8 18. Rhf1 Qb6 19. Qd7 Nd8 20. a3 a5 21. Nxb5
Bxd5 22. Rxd5 Rb7 23. Qg4 Ne6 24. Nxd6 Rbb8 25. Nc4 Qc7 26. Ncxa5 Nd4 27. Rf2
Rfd8 28. Rc5 Qe7 29. Rd5 f5 30. Rxd8+ Rxd8 31. Nxd4 fxg4 32. Nac6 Qd6 33. c3
exd4 34. Nxd4 Bxd4 0-1

[Event "AUTO-OPEN-2300"]
[Site "http://www.queenalice.com/game.php?id=913925"]
[Date "2011.3.17"]
[Round "1"]
[White "Deepankar"]
[Black "Dracon83"]
[Result "1-0"]
[WhiteElo "1807"]
[BlackElo "1712"]

1. e4 e5 2. Nf3 Nc6 3. Bb5 Na5 4. Nxe5 c6 5. Be2 f6 6. Bh5+ g6 7. Nxg6 hxg6 8.
Bxg6+ Ke7 9. d3 Bh6 10. f4 d5 11. b4 Qd6 12. bxa5 Bxf4 13. Ba3 c5 14. d4 b6 15.
dxc5 bxc5 16. Qxd5 Qxd5 17. exd5 Kd6 18. Nc3 Be5 19. Kd2 Ne7 20. Bd3 Bxc3+ 21.
Kxc3 Nxd5+ 22. Kd2 Bb7 23. Rab1 Rab8 24. Be4 Rhe8 25. Rhe1 Re7 26. c4 Nf4 27. a6
f5 28. Bxb7 Rxe1 29. Rxe1 Nh5 30. Bb2 Rd8 31. Kc2 1-0

[Event "AUTO-OPEN-2300"]
[Site "http://www.queenalice.com/game.php?id=913926"]
[Date "2011.3.17"]
[Round "1"]
[White "Dracon83"]
[Black "Deepankar"]
[Result "0-1"]
[WhiteElo "1725"]
[BlackElo "1794"]

1. Nf3 d5 2. d4 Nf6 3. h3 e6 4. Bg5 Be7 5. Bxf6 Bxf6 6. Qd3 O-O 7. g4 c6 8. c3
Nd7 9. h4 Re8 10. Ng5 g6 11. e4 Bxg5 12. hxg5 e5 13. Nd2 Qxg5 14. Be2 dxe4 15.
Nxe4 Qe7 16. g5 f5 17. gxf6 Nxf6 18. O-O-O Kh8 19. Rdg1 Bf5 20. f3 Rad8 21. Qe3
Nd5 22. Qh6 exd4 23. Bc4 Qg7 24. Ng5 Qxh6 25. Rxh6 Re7 26. cxd4 Ne3 27. Re1 Rdd7
28. Rh4 Nxc4 29. Rxe7 Rxe7 30. Rh1 h5 31. Kd1 Nxb2+ 0-1

[Event "AUTO-ADV-1981"]
[Site "http://www.queenalice.com/game.php?id=920722"]
[Date "2011.4.2"]
[Round "2"]
[White "gardez2005"]
[Black "Deepankar"]
[Result "1-0"]
[WhiteElo "2049"]
[BlackElo "1823"]

1. d4 d5 2. c4 e6 3. Nc3 Nf6 4. Bg5 Be7 5. e3 O-O 6. Nf3 c6 7. Rc1 Nbd7 8. Bd3
Re8 9. O-O Qc7 10. c5 b6 11. b4 bxc5 12. bxc5 Rb8 13. Qc2 g6 14. Bf4 e5 15. dxe5
Nh5 16. e6 Nxf4 17. exd7 Bxd7 18. exf4 Bxc5 19. Nxd5 cxd5 20. Qxc5 Qxf4 21. Qxd5
Be6 22. Qa5 Red8 23. Bb1 Bc4 24. Qa4 1-0

[Event "AUTO-ADV-1981"]
[Site "http://www.queenalice.com/game.php?id=920723"]
[Date "2011.4.2"]
[Round "2"]
[White "Deepankar"]
[Black "gardez2005"]
[Result "1/2-1/2"]
[WhiteElo "1786"]
[BlackElo "2032"]

1. e4 c6 2. d4 d5 3. Nc3 dxe4 4. Nxe4 Bf5 5. Nc5 Qc7 6. Nf3 e6 7. Bd3 Bxd3 8.
Qxd3 g6 9. O-O Bg7 10. c3 Ne7 11. Bg5 O-O 12. Rfe1 Nd5 13. Nb3 Nd7 14. c4 N5f6
15. Rac1 Rfe8 16. c5 Nd5 17. Bh4 Rac8 18. Bg3 Qd8 19. Nbd2 b6 20. cxb6 axb6 21.
Nc4 Bf8 22. Bd6 b5 23. Bxf8 Rxf8 24. Nd6 Rc7 25. Ne5 N7f6 26. Ndxf7 Rfxf7 27.
Nxf7 Kxf7 28. Qh3 Qd6 29. a3 Rb7 30. Rc2 Ne7 31. Rce2 Qxd4 32. Rxe6 Qxb2 33. Qf3
Rc7 34. h3 c5 35. R1e2 Qd4 36. R2e4 Qa1+ 37. Re1 Qd4 38. R1e4 Qa1+ 39. Re1 Qd4
1/2-1/2

[Event "AUTO-ADV-1981"]
[Site "http://www.queenalice.com/game.php?id=920726"]
[Date "2011.4.2"]
[Round "2"]
[White "Deepankar"]
[Black "PlinioSalgado"]
[Result "0-1"]
[WhiteElo "1788"]
[BlackElo "2133"]

1. e4 c5 2. Nf3 e6 3. d4 cxd4 4. Nxd4 Nf6 5. Nc3 d6 6. Bg5 Be7 7. Bd3 a6 8. Qe2
Nxe4 9. Bxe7 Nxc3 10. Bxd8 Nxe2 11. Bb6 Nxd4 12. O-O-O Ndc6 13. Rhe1 Nd7 14. Be3
Ke7 15. f4 Nb4 16. Bc4 b5 17. Bb3 Nc5 18. Bxc5 dxc5 19. f5 c4 20. fxe6 cxb3 21.
exf7+ Kxf7 22. Rf1+ Ke7 23. Rde1+ Be6 24. Re4 bxa2 25. Kd2 Rad8+ 26. Kc3 Nd5+
27. Kb3 Nf6+ 0-1

[Event "AUTO-ADV-1981"]
[Site "http://www.queenalice.com/game.php?id=920727"]
[Date "2011.4.2"]
[Round "2"]
[White "PlinioSalgado"]
[Black "Deepankar"]
[Result "1-0"]
[WhiteElo "2213"]
[BlackElo "1796"]

1. e4 e5 2. Nf3 Nc6 3. Bb5 a6 4. Ba4 Nf6 5. O-O b5 6. Bb3 d6 7. Re1 Be7 8. Nc3
Bb7 9. d3 O-O 10. h3 Qd7 11. Nd5 Nxd5 12. Bxd5 Rab8 13. c3 Rfe8 14. Be3 Nd8 15.
Bxb7 Nxb7 16. Nh2 Nd8 17. Qf3 Ne6 18. Qg3 c5 19. Ng4 Kh8 20. h4 h5 21. Nh2 Bf6
22. Qf3 Kg8 23. Qxh5 d5 24. Ng4 d4 25. Nxf6+ gxf6 26. Bh6 Ng7 27. Qf3 f5 28. Qg3
f6 29. exf5 Kh8 30. Qg6 Rf8 31. cxd4 cxd4 32. Rac1 Rg8 33. Qxf6 Rbf8 34. Qxe5
Rxf5 35. Qc7 Qd5 36. Re7 1-0

[Event "AUTO-OPEN-2449"]
[Site "http://www.queenalice.com/game.php?id=974265"]
[Date "2011.8.19"]
[Round "1"]
[White "Deepankar"]
[Black "Gabrisco"]
[Result "0-1"]
[WhiteElo "1793"]
[BlackElo "2275"]

1. e4 e5 2. Nf3 Nc6 3. Bb5 Nf6 4. O-O Nxe4 5. Bxc6 dxc6 6. Re1 Nd6 7. Rxe5+ Be7
8. Qe1 Bg4 9. Qe2 Bxf3 10. Qxf3 O-O 11. d4 Bf6 12. Rh5 Re8 13. Be3 Bxd4 14. Nd2
Bxb2 15. Rb1 Be5 16. Rxb7 Nxb7 0-1

[Event "AUTO-OPEN-2449"]
[Site "http://www.queenalice.com/game.php?id=974266"]
[Date "2011.8.19"]
[Round "1"]
[White "Gabrisco"]
[Black "Deepankar"]
[Result "1-0"]
[WhiteElo "2301"]
[BlackElo "1791"]

1. e4 e5 2. Nf3 Nc6 3. Bb5 a6 4. Bxc6 dxc6 5. O-O f6 6. d4 exd4 7. Nxd4 c5 8.
Ne2 Bd7 9. Nbc3 Bd6 10. Bf4 Bxf4 11. Nxf4 Ne7 12. Qh5+ g6 13. Qxc5 b6 14. Qc4
Nc6 15. Nfd5 b5 16. Qc5 Rb8 17. e5 fxe5 18. Rad1 Rf8 19. Ne4 Rb7 20. f4 b4 21.
fxe5 Rxf1+ 22. Rxf1 Ne7 23. Ndf6+ 1-0